[Event "HUN-chT2 Barcza 1617"]
[Site "Hungary"]
[Date "2017.03.12"]
[Round "10.6"]
[White "Kovacs, Marton"]
[Black "Schwarczenberger, Csongor"]
[Result "1-0"]
[WhiteElo "2150"]
[BlackElo "1860"]
[PlyCount "67"]
[EventDate "2016.09.25"]
[EventType "team-tourn"]
[EventRounds "11"]
[EventCountry "HUN"]
[SourceTitle "EXT 2021"]
[Source "ChessBase"]
[SourceDate "2020.10.23"]
[SourceVersion "1"]
[SourceVersionDate "2020.10.23"]
[SourceQuality "1"]
[WhiteTeam "Hajduboszormeny"]
[BlackTeam "Bajnok Sakkiskola"]
[WhiteTeamCountry "HUN"]
[BlackTeamCountry "HUN"]

1. d4 Nf6 2. Bf4 g6 3. Nc3 Bg7 4. e4 d6 5. Qd2 Nc6 6. 0-0-0 0-0 7. f3 b6 8. Bh6 Bb7 9. h4 e5 10. d5 Ne7 11. g4 Ne8 12. h5 f6 13. hxg6 hxg6 14. Bb5 g5 15. Nge2 Ng6 16. Ng3 Nh4 17. Rxh4 gxh4 18. Nf5 Rf7 19. Rh1 Bc8 20. Bxe8 Qxe8 21. Nxg7 Rxg7 22. Bxg7 Kxg7 23. Rxh4 Qg6 24. Nb5 Bd7 25. Nxc7 Rc8 26. Ne6+ Bxe6 27. dxe6 d5 28. exd5 Rxc2+ 29. Qxc2 Qg5+ 30. Qd2 Qxh4 31. d6 Qh1+ 32. Qd1 Qh6+ 33. Kb1 Qg6+ 34. Ka1 1-0

[Event "HUN-chT2 Barcza 1617"]
[Site "Hungary"]
[Date "2017.01.29"]
[Round "7.8"]
[White "Schwarczenberger, Csongor"]
[Black "Fekete, Sandor"]
[Result "1/2-1/2"]
[WhiteElo "1860"]
[BlackElo "1733"]
[PlyCount "71"]
[EventDate "2016.09.25"]
[EventType "team-tourn"]
[EventRounds "11"]
[EventCountry "HUN"]
[SourceTitle "EXT 2021"]
[Source "ChessBase"]
[SourceDate "2020.10.23"]
[SourceVersion "1"]
[SourceVersionDate "2020.10.23"]
[SourceQuality "1"]
[WhiteTeam "Bajnok Sakkiskola"]
[BlackTeam "Kazincbarcika"]
[WhiteTeamCountry "HUN"]
[BlackTeamCountry "HUN"]

1. Nf3 d5 2. d4 Nf6 3. g3 c6 4. Bg2 Bf5 5. 0-0 e6 6. b3 Be7 7. Bb2 Nbd7 8. e3 Ne4 9. Nfd2 Nxd2 10. Qxd2 0-0 11. c4 Nf6 12. Qe2 a6 13. a4 Bb4 14. Nc3 Bxc3 15. Bxc3 Qd7 16. a5 Qc7 17. c5 h6 18. f3 Nd7 19. b4 Bg6 20. e4 Rae8 21. Qb2 f5 22. e5 f4 23. Bd2 fxg3 24. hxg3 Bd3 25. Rf2 Rf7 26. Bf1 Bxf1 27. Raxf1 Nf8 28. Qc2 Qe7 29. f4 Nh7 30. Qg6 Rf5 31. Qg4 h5 32. Qh4 Qxh4 33. gxh4 Kf7 34. Rg2 Rg8 35. Rf3 g6 36. Rfg3 1/2-1/2

[Event "HUN-chT2 Barcza 1617"]
[Site "Hungary"]
[Date "2016.12.11"]
[Round "6.10"]
[White "Tumo, Bence"]
[Black "Schwarczenberger, Csongor"]
[Result "1/2-1/2"]
[WhiteElo "1844"]
[BlackElo "1860"]
[PlyCount "70"]
[EventDate "2016.09.25"]
[EventType "team-tourn"]
[EventRounds "11"]
[EventCountry "HUN"]
[SourceTitle "EXT 2021"]
[Source "ChessBase"]
[SourceDate "2020.10.23"]
[SourceVersion "1"]
[SourceVersionDate "2020.10.23"]
[SourceQuality "1"]
[WhiteTeam "Tiszavasvar"]
[BlackTeam "Bajnok Sakkiskola"]
[WhiteTeamCountry "HUN"]
[BlackTeamCountry "HUN"]

1. e4 c6 2. d4 d5 3. Nc3 dxe4 4. Nxe4 Bf5 5. Ng3 Bg6 6. Bc4 e6 7. Nh3 Nf6 8. 0-0 Nd5 9. f4 Be7 10. f5 exf5 11. Nxf5 0-0 12. c3 Bf6 13. Qf3 Nb6 14. Bb3 Na6 15. Nf2 c5 16. Ne4 cxd4 17. Nxf6+ Qxf6 18. Nh6+ Kh8 19. Qxb7 Nc5 20. Qc7 Rfc8 21. Qg3 Nxb3 22. Rxf6 Nxa1 23. Nxf7+ Kg8 24. Ne5 gxf6 25. Nxg6 Kf7 26. Nh4 dxc3 27. bxc3 Nd5 28. Bd2 Rab8 29. Qd3 Ne7 30. Qxh7+ Ke8 31. Qe4 Rb5 32. Bf4 Rd8 33. Ng6 Rd7 34. c4 Rbb7 35. c5 Kf7 1/2-1/2

[Event "HUN-ch U12"]
[Site "Balatonlelle"]
[Date "2016.06.29"]
[Round "8"]
[White "Schwarczenberger, Csongor"]
[Black "Fazekas, Milan"]
[Result "0-1"]
[WhiteElo "1681"]
[BlackElo "1804"]
[PlyCount "90"]
[EventDate "2016.06.24"]
[EventType "swiss"]
[EventRounds "9"]
[EventCountry "HUN"]
[SourceTitle "CBM 173 Extra"]
[Source "ChessBase"]
[SourceDate "2016.08.29"]
[SourceVersion "1"]
[SourceVersionDate "2016.08.29"]
[SourceQuality "1"]

1. g3 d5 2. Bg2 Nc6 3. Nf3 e5 4. d3 f6 5. Nbd2 Be6 6. b3 Bc5 7. Bb2 Nge7 8. c4 Qd7 9. Rc1 dxc4 10. Nxc4 Bb6 11. a3 Nc8 12. e3 Nd6 13. d4 exd4 14. Nxd4 Nxd4 15. Bxd4 Nxc4 16. bxc4 0-0-0 17. c5 Ba5+ 18. Kf1 Bd5 19. Rb1 Qc6 20. Bxd5 Qxd5 21. f3 Bc3 22. Kg2 Bxd4 23. exd4 Qxd4 24. Qb3 Qd2+ 25. Kh3 Qd5 26. a4 Qf5+ 27. g4 Qd5 28. Rhc1 h5 29. Qxd5 Rxd5 30. Rc2 hxg4+ 31. Kxg4 Rd4+ 32. Kg3 Rxa4 33. Rcb2 b6 34. cxb6 axb6 35. Rc2 Kb7 36. Re1 Rc8 37. Re7 g5 38. Rf7 Rf4 39. Rd2 Kc6 40. h4 Rxh4 41. Rxf6+ Kb7 42. Rg6 Rch8 43. Rxg5 Rh3+ 44. Kf2 Rh2+ 45. Ke3 Re8+ 0-1

[Event "HUN-ch U12"]
[Site "Balatonlelle"]
[Date "2016.06.26"]
[Round "4"]
[White "Borhy, Marcell Boldizsar"]
[Black "Schwarczenberger, Csongor"]
[Result "1/2-1/2"]
[WhiteElo "2040"]
[BlackElo "1681"]
[PlyCount "85"]
[EventDate "2016.06.24"]
[EventType "swiss"]
[EventRounds "9"]
[EventCountry "HUN"]
[SourceTitle "CBM 173 Extra"]
[Source "ChessBase"]
[SourceDate "2016.08.29"]
[SourceVersion "1"]
[SourceVersionDate "2016.08.29"]
[SourceQuality "1"]

1. d4 Nf6 2. c4 d5 3. cxd5 Nxd5 4. e4 Nf6 5. Nc3 e6 6. Nf3 Be7 7. h3 0-0 8. Be3 b6 9. Bd3 Ba6 10. 0-0 Bxd3 11. Qxd3 c5 12. Rfd1 Nc6 13. dxc5 Qxd3 14. Rxd3 Bxc5 15. Bxc5 bxc5 16. e5 Nb4 17. Rd2 Nfd5 18. a3 Nxc3 19. axb4 Nd5 20. bxc5 Rfc8 21. Rc2 Rc7 22. Ra4 h6 23. Nd4 Rb8 24. b3 Nb4 25. Rc3 Nd5 26. Rcc4 Nf4 27. Ra5 Nd3 28. c6 Nb4 29. Rb5 Rxb5 30. Nxb5 Rxc6 31. Nxa7 Rb6 32. Nc8 Rb8 33. Nd6 Nd3 34. Rc8+ Rxc8 35. Nxc8 Nxe5 36. Kf1 Kf8 37. Ke2 Ke8 38. Nb6 Kd8 39. Ke3 Kc7 40. Na4 Kc6 41. Kd4 Nd7 42. Nb2 e5+ 43. Kc3 1/2-1/2

[Event "HUN-ch U12"]
[Site "Balatonlelle"]
[Date "2016.06.25"]
[Round "2"]
[White "Gombocz, Ferenc Jr"]
[Black "Schwarczenberger, Csongor"]
[Result "1/2-1/2"]
[WhiteElo "1872"]
[BlackElo "1681"]
[PlyCount "80"]
[EventDate "2016.06.24"]
[EventType "swiss"]
[EventRounds "9"]
[EventCountry "HUN"]
[SourceTitle "CBM 173 Extra"]
[Source "ChessBase"]
[SourceDate "2016.08.29"]
[SourceVersion "1"]
[SourceVersionDate "2016.08.29"]
[SourceQuality "1"]

1. d4 Nf6 2. Nf3 d5 3. e3 g6 4. Bd3 Bg7 5. 0-0 0-0 6. b3 c5 7. Bb2 Ne4 8. Nbd2 Nxd2 9. Qxd2 Nc6 10. c4 dxc4 11. Bxc4 Bg4 12. Rad1 Bxf3 13. gxf3 cxd4 14. exd4 Qc7 15. Rfe1 Rad8 16. Qe3 e6 17. Rd2 Ne7 18. Ba3 Nf5 19. Qe4 Qa5 20. Bxf8 Qxd2 21. Bxg7 Nxg7 22. Re2 Qg5+ 23. Kf1 b5 24. Bd3 Nh5 25. Qe5 Qxe5 26. Rxe5 a6 27. d5 Nf4 28. dxe6 Nxd3 29. e7 Re8 30. Rd5 Rxe7 31. Rxd3 Re6 32. Re3 Rc6 33. b4 Rc1+ 34. Kg2 Kg7 35. Ra3 Rc6 36. Ra5 Kf6 37. a4 bxa4 38. Rxa4 Rb6 39. Kf1 Re6 40. Ra5 Kg7 1/2-1/2